| 000 | 02568nam a22004095i 4500 | ||
|---|---|---|---|
| 999 |
_c1813 _d1813 |
||
| 001 | pr05032650 | ||
| 003 | CaOWLBI | ||
| 005 | 20230201110625.0 | ||
| 008 | 200305s2020 nyua d 6 000 0aeng d | ||
| 020 | _a9780062685094 | ||
| 040 |
_aCaOWLBI _beng _cCaOWLBI _erda _dCaOL _dKH8 |
||
| 082 | _a921 HA | ||
| 100 | 1 |
_aHa, Robin, _eauthor, _eillustrator. |
|
| 245 | 1 | 0 |
_aAlmost American girl : _ban illustrated memoir / _cRobin Ha. |
| 264 | 1 |
_aNew York : _bHarperCollins, _c2020. |
|
| 264 | 4 | _c©2020. | |
| 300 |
_a227 pages : _bcolour illustrations ; _c24 cm. |
||
| 336 |
_atext _btxt _2rdacontent. |
||
| 336 |
_astill image _bsti _2rdacontent. |
||
| 337 |
_aunmediated _bn _2rdamedia. |
||
| 338 |
_avolume _bnc _2rdacarrier. |
||
| 520 | _a"A powerful and moving teen graphic novel memoir about immigration, belonging, and how arts can save a life--perfect for fans of American Born Chinese and Hey, Kiddo. For as long as she can remember, it's been Robin and her mom against the world. Growing up as the only child of a single mother in Seoul, Korea, wasn't always easy, but it has bonded them fiercely together. So when a vacation to visit friends in Huntsville, Alabama, unexpectedly becomes a permanent relocation--following her mother's announcement that she's getting married--Robin is devastated. Overnight, her life changes. She is dropped into a new school where she doesn't understand the language and struggles to keep up. She is completely cut off from her friends in Seoul and has no access to her beloved comics. At home, she doesn't fit in with her new stepfamily, and worst of all, she is furious with the one person she is closest to--her mother. Then one day Robin's mother enrolls her in a local comic drawing class, which opens the window to a future Robin could never have imagined"--Amazon.com. | ||
| 600 | 1 | 0 |
_aHa, Robin _vComic books, strips, etc. |
| 650 | 0 |
_aEmigration and immigration _vComic books, strips, etc. |
|
| 650 | 0 |
_aImmigrants _vComic books, strips, etc. |
|
| 650 | 0 |
_aMothers and daughters _vComic books, strips, etc. |
|
| 650 | 0 |
_aSingle mothers. _vComic books, strips, etc. |
|
| 650 | 0 |
_aTeenage girls _vComic books, strips, etc. |
|
| 650 | 0 |
_aKorean Americans _zUnited States _vComic books, strips, etc. |
|
| 650 | 0 |
_aStepfamilies _vComic books, strips, etc. |
|
| 650 | 0 |
_aEnglish language _xStudy and teaching _vComic books, strips, etc. |
|
| 650 | 0 |
_aWomen illustrators _vBiography _vComic books, strips, etc. |
|
| 650 | 0 | _aGraphic novels. | |
| 655 | 0 | _aNonfiction comics. | |
| 690 | _aNew Mar 2020. | ||
| 942 |
_2ddc _cNFIC |
||